Ariana Grande - warm - Statistics

General Stats
  • This quiz has been taken 58 times
  • The average score is 224 of 281
Answer Stats
lyric % Correct
I
100%
arms
97%
arms,
97%
cool
97%
cool)
97%
In
97%
my
97%
warm
97%
warm,
97%
you
97%
you)
97%
'Cause
95%
('Cause
95%
'cause
95%
I'm
95%
it
95%
it)
95%
On
95%
on
95%
(On
95%
own
95%
own)
95%
own,
95%
to
95%
your
95%
But
92%
can
92%
Can
92%
it's
92%
It's
92%
(It's
92%
me
90%
the
90%
warmer
90%
do
85%
find
85%
If
82%
(If
82%
nice
82%
so
82%
stay,
82%
stay
82%
tears,
82%
way,
82%
way
82%
down
79%
for
79%
there
79%
be
77%
dare,
77%
dare)
77%
meet
77%
Meet
77%
never
72%
Never
72%
taste
72%
travel
72%
unravel,
72%
and
69%
And
69%
anybody
69%
come
69%
Happy
69%
invitation
69%
invitation)
69%
is
69%
needed
69%
won't
69%
close,
67%
(Close
67%
good,
67%
one
67%
this
67%
tonight
67%
here
64%
here)
64%
higher
64%
how
64%
I'll
64%
up
64%
know
62%
lips,
62%
safe
62%
now,
59%
sound
59%
than
59%
they
59%
hold
56%
away
54%
exosphere
54%
like
54%
love
54%
ones
54%
only
54%
space
54%
been
49%
I've
49%
page,
49%
page?
49%
turn
49%
either
46%
require
46%
at
44%
I'd
44%
just
44%
slip
44%
There's
44%
true?
44%
promise
41%
thought
41%
Am
38%
pace
38%
will
38%
Will
38%
could
36%
fly
36%
list?
36%
or
36%
another
26%
No matching quizzes found
Score Distribution
Percent of People with Each Score
Percentile by Number Answered
Your Score History
You have not taken this quiz